000 00875nam a2200385Ia 4500
008 210210b1922 xxu||||| |||| 00| 0 eng d
041 _aeng
082 _a546 FRIT
100 _aFRIEND (J Newton)
245 _aText book of inorganic chemistry Vol IX Part I Ed 2
_bCobalt, nickel, and the elements of the platinum group
250 _a
260 _aLondon
_bCharles Griffin & Co Ltd.
_c1922
300 _axxv,367
440 _aIX
650 _aVol
650 _athe
650 _aText
650 _aplatinum
650 _aPart
650 _aof
650 _anickel,
650 _aIX
650 _ainorganic
650 _aI
650 _agroup
650 _aelements
650 _aEd
650 _aCobalt,
650 _achemistry
650 _abook
650 _aand
650 _a2
690 _aInorganic Chemistry
906 _a009485
999 _c140656
_d140656